00463 2200181 4500001002100000005001500021008004100036020002200077035001900099041000700118082001000125090001600135100001800151245003000169250001000199260003900209300003300248INLIS00000000002410020241224131638241224||||||||| | ||| |||| || |  a978-979-1305-98-3 0010-1224024100 aid0 a302.5 a302.5 MOR h0 aMichael Moran00aHandbook Kebijakan Publik aCet.1 aBandungbpenerbit nusa mediac2015 aviii,1199 hlm ; 160 x 240 mm